Library Banner

The state of the middle east/ (Record no. 100719)

MARC details
000 -LEADER
fixed length control field 00398nam a22001577a 4500
005 - DATE AND TIME OF LATEST TRANSACTION
control field 20171212125516.0
008 - FIXED-LENGTH DATA ELEMENTS--GENERAL INFORMATION
fixed length control field 171212b xxu||||| |||| 00| 0 eng d
020 ## - INTERNATIONAL STANDARD BOOK NUMBER
International Standard Book Number 9781844073771
040 ## - CATALOGING SOURCE
Transcribing agency PK-LaUMT
082 ## - DEWEY DECIMAL CLASSIFICATION NUMBER
Classification number PKAC 320.956
Item number SMI-S
100 ## - MAIN ENTRY--PERSONAL NAME
Personal name Smith , Dan
245 ## - TITLE STATEMENT
Title The state of the middle east/
Statement of responsibility, etc Dan Smith
260 ## - PUBLICATION, DISTRIBUTION, ETC. (IMPRINT)
Place of publication, distribution, etc London:
Name of publisher, distributor, etc Earhscan,
Date of publication, distribution, etc 2006
300 ## - PHYSICAL DESCRIPTION
Extent 144 p.
942 ## - ADDED ENTRY ELEMENTS (KOHA)
Koha item type Books
Holdings
Withdrawn status Lost status Damaged status Home library Current library Date acquired Full call number Barcode Date last seen Price effective from Koha item type
      UMT Main Campus UMT Main Campus 2017-12-12 PKAC 320.956 SMI-S 116564 2017-12-12 2017-12-12 Books